000
00277nam a2200109Ia 4500
008
200302s9999 xx 000 0 und d
100
_a
Stephen Calloway
245
_a
The Elements of Style
260
_b
Mitchell Beazley Publishing Group Ltd.
260
_c
2005
300
_a
592 P.,
999
_c
5114
_d
5114